| 000 | 01575nam a22002537a 4500 | ||
|---|---|---|---|
| 001 | 3666 | ||
| 003 | FISKH | ||
| 005 | 20250528093316.0 | ||
| 008 | 240404b cb ||||| |||| 00| 0 eng d | ||
| 040 |
_aFISKH _bkhr _cFISKH _dFISKH |
||
| 050 | _aPZ7 | ||
| 082 | _a398.209596 | ||
| 100 | _aAnonymous | ||
| 245 |
_aប្រជុំរឿងព្រេងខ្មែរ / _cក្រុមជុំនុំទំនៀទំលាប់ខ្មែរ |
||
| 260 |
_aភ្នំពេញ : _bគ្រឹះស្ថានបោះពុម្ព និងចែកផ្សាយ នៃក្រសួងអប់រំ យុវជន និងកីឡា, _c2009. |
||
| 300 |
_a148 pages : _c21 cm |
||
| 490 | _vភាគ ២ | ||
| 520 | _aជាប្រភេទរឿងព្រេងរបស់ខ្មែរយើងដែលមានយូរលង់ណាស់មកហើយ ដែលនិយាយពីប្រវត្តសាស្រ្ត តុលាការកាត់ក្ដីដោយសុភាទន្សាយ ការនេសាទ ទំនៀមទម្លាប់ប្រពៃណីពីបុរាណ និងល្បែងសាស្រ្តាជាដើម។ | ||
| 520 | _aIt is a kind of Khmer legend that has been around for a long time, which talks about the history of the court, the trial by Sophea Tonsay, fishing, ancient traditions and games. | ||
| 650 |
_aរឿងនិទាន _xរឿងខ្មែរ |
||
| 650 |
_aFairytale _xKhmer story |
||
| 942 |
_2ddc _cKHB _n0 |
||
| 999 |
_c3666 _d3666 |
||